Central Library OPAC University of Rajshahi

Radiography in veterinary technology / (Record no. 67176)

MARC details
000 -LEADER
fixed length control field 00723nam a2200241 a 4500
001 - CONTROL NUMBER
control field 67176
003 - CONTROL NUMBER IDENTIFIER
rucl marc code BD-RjUL
005 - DATE AND TIME OF LATEST TRANSACTION
control field 20211209081625.0
008 - FIXED-LENGTH DATA ELEMENTS--GENERAL INFORMATION
fixed length control field 930701s1994 paua 001 0 eng c
020 ## - INTERNATIONAL STANDARD BOOK NUMBER
International Standard Book Number 0721666868
035 ## - SYSTEM CONTROL NUMBER
System control number (BD-RjUL)67307
040 ## - CATALOGING SOURCE
Original cataloging agency DNLM/DLC
Transcribing agency DLC
Modifying agency DLC
-- BD-RjUL
Language of cataloging eng
041 ## - LANGUAGE CODE
Language code of text/sound track or separate title eng
082 00 - DEWEY DECIMAL CLASSIFICATION NUMBER
Edition number 23
Classification number 636.089
Author mark and year LAR 1994
100 1# - MAIN ENTRY--PERSONAL NAME
Personal name Lavin, Lisa M.
9 (RLIN) 198994
245 10 - TITLE STATEMENT
Title Radiography in veterinary technology /
Statement of responsibility, etc. Lisa M. Lavin.
260 ## - PUBLICATION, DISTRIBUTION, ETC. (IMPRINT)
Place of publication, distribution, etc. Philadelphia :
Name of publisher, distributor, etc. Saunders,
Date of publication, distribution, etc. c1994.
300 ## - PHYSICAL DESCRIPTION
Pagination xiv, 305 p. :
Illustrations ill. ;
Size 29 cm.
504 ## - BIBLIOGRAPHY, ETC. NOTE
Bibliography, etc Includes bibliographical references and index.
650 #0 - SUBJECT ADDED ENTRY--TOPICAL TERM
Topical term or geographic name as entry element Veterinary Science
9 (RLIN) 162774
Topical term or geographic name as entry element Veterinary radiography
9 (RLIN) 200105
942 ## - ADDED ENTRY ELEMENTS (KOHA)
Source of classification or shelving scheme Dewey Decimal Classification
Koha item type Books
Holdings
Lost status Source of classification or shelving scheme Damaged status Not for loan Collection code Permanent Location Current Location Shelving location Date acquired Source of acquisition Cost, normal purchase price Total Checkouts Full call number Date last seen Copy number Koha item type
  Dewey Decimal Classification   Not For Loan Non-fiction Central Library, University of Rajshahi Central Library, University of Rajshahi Reading Room 15/03/2009 Paragon enterprise, Dhaka 43.00   636.089 LAR 1994 22/03/2017 C-1 Books